Judy Blume Bibliography - Statistics

General Stats
  • This quiz has been taken 33 times
  • The average score is 7 of 30
Answer Stats
Type Year Name % Correct
Young Adult Novel 1970 Are You There God? It's Me, Margaret
82%
Children's Novel 1980 Superfudge
79%
Children's Novel 1972 Tales of a Fourth Grade Nothing
61%
Young Adult Novel 1975 Forever...
54%
Children's Novel 1974 Blubber
43%
Young Adult Novel 1981 Tiger Eyes
43%
Young Adult Novel 1987 Just as Long as We're Together
39%
Young Adult Novel 1973 Deenie
36%
Children's Book 1971 Freckle Juice
36%
Children's Novel 1972 Otherwise Known as Sheila the Great
36%
Young Adult Novel 1993 Here's to You, Rachel Robinson
29%
Children's Novel 1970 Iggie's House
29%
Young Adult Novel 1971 Then Again, Maybe I Won't
29%
Novel 1998 Summer Sisters
21%
Young Adult Novel 1972 It's Not the End of the World
18%
Young Adult Novel 1977 Starring Sally J. Freedman as Herself
18%
Novel 1978 Wifey
18%
Children's Novel 1990 Fudge-a-Mania
14%
Children's Novel 1969 The One in the Middle Is the Green Kangaroo
14%
Children's Novel 2002 Double Fudge
11%
Letter Collection 1986 Letters to Judy: What Kids Wish They Could Tell You
11%
Children's Book 1974 The Pain and the Great One
7%
Children's Book 2008 Cool Zone with the Pain and the Great One
4%
Children's Book 2009 Friend or Fiend with the Pain and the Great One
4%
Novel 2015 In the Unlikely Event
4%
Novel 1983 Smart Women
4%
Children's Book 2007 Soupy Saturdays with the Pain and the Great One
4%
Children's Book 2008 Going, Going, Gone! with the Pain and the Great One
0%
Short Story Anthology 1999 Places I Never Meant to Be
0%
Activity Book 1981 The Judy Blume Diary
0%
No matching quizzes found
Score Distribution
Percent of People with Each Score
Percentile by Number Answered
Your Score History
You have not taken this quiz